Cognitive Psychology and Its Implications / Fifth Edition (Record no. 3628)
[ view plain ]
| 000 -LEADER | |
|---|---|
| fixed length control field | 01251cam a22002054a 4500 |
| 005 - ΗΜΕΡΟΜΗΝΙΑ ΚΑΙ ΩΡΑ ΤΕΛΕΥΤΑΙΑΣ ΕΝΗΜΕΡΩΣΗΣ | |
| Πεδίο ελέγχου | 20250605164121.0 |
| 008 - FIXED-LENGTH DATA ELEMENTS--GENERAL INFORMATION | |
| Πεδίο ελέγχου σταθερού μήκους | 250528s ||||||||||||||||||||||||d |
| 035 ## - SYSTEM CONTROL NUMBER | |
| System control number | 18256 |
| 020 ## - ISBN | |
| ISBN | 716736780 |
| 040 ## - ΠΗΓΗ ΚΑΤΑΛΟΓΟΓΡΑΦΗΣΗΣ | |
| Φορέας πρωτότυπης καταλογογράφησης | MC Athens Campus Library |
| Γλώσσα καταλογογράφησης | Ελληνικά, Μοντέρνα (1453-) |
| Modifying agency | MC Athens Campus Library |
| Κανόνες περιγραφικής καταλογογράφησης | AACR2 |
| 245 1# - ΤΙΤΛΟΣ ΚΑΙ ΔΗΛΩΣΗ ΥΠΕΥΘΥΝΟΤΗΤΑΣ | |
| Τίτλος | Cognitive Psychology and Its Implications / Fifth Edition |
| 250 ## - EDITION STATEMENT | |
| Edition statement | 5th |
| 260 ## - PUBLICATION, DISTRIBUTION, ETC. | |
| Name of publisher, distributor, etc. | Worth Publishers, Inc, |
| Date of publication, distribution, etc. | 2000 |
| 300 ## - PHYSICAL DESCRIPTION | |
| Extent | 544 |
| 520 ## - SUMMARY, ETC. | |
| Summary, etc. | The writer in this book addresses the theoretical foundations of cognitive psychology fully and coherently, presenting clear, cogent analyses of significant issues in the field such as knowledge representation, information processing, and cognitive neuroscience. Preface, The Science of Cognition, Perception, Attention and Performance, Perception-Based Knowledge Representations, Meaning-Based Knowledge Representations, Human Memory: Encoding and Storage, Human Memory: Retention and Retrieval, Problem Solving, Development of Expertise, Reasoning and Decision Making, Language Structure, Language Comprehension, Individual Differences in Cognition, Conclusions, Remarks and Suggested Readings, Glossary, References, Name and Subject Index. |
| 700 1# - ΠΡΟΣΘΕΤΗ ΑΝΑΓΡΑΦΗ--ΦΥΣΙΚΟ ΠΡΟΣΩΠΟ | |
| Personal name | Anderson John R. |
| 9 (RLIN) | 4536 |
| 942 ## - ADDED ENTRY ELEMENTS (KOHA) | |
| Koha item type | Books |
| Τύπος τεκμηρίου | Βιβλιοθήκη | Τρέχουσα τοποθεσία | Barcode | Αριθμός εισαγωγής | Ημερομηνία απόκτησης | Ταξιθετικό σύμβολο | Αριθμός αντιτύπου | Κατάσταση απόσυρσης | Κατάσταση χαμένου | Κατάσταση κατεστραμμένου | Μη δανεισμός | Σύνολο δανεισμών | Σύνολο ανανεώσεων | Ημερομηνία τελευταίας εμφάνισης | Χρονολογία τελευταίου δανεισμού | Η τιμή ισχύει από |
|---|---|---|---|---|---|---|---|---|---|---|---|---|---|---|---|---|
| Books | MC Athens Campus Library | MC Athens Campus Library | 9780000036278 | 2817 | 05/06/2025 | 153 AND | 1 | 2 | 2 | 23/12/2025 | 27/11/2025 | 05/06/2025 |